| 000 | 00647nam a22002177a 4500 | ||
|---|---|---|---|
| 001 | 29985 | ||
| 003 | BD-DhAAL | ||
| 005 | 20260128110702.0 | ||
| 008 | 150901s1977 bg a|||| |||| 00| 0 eng d | ||
| 040 |
_aBD-DhAAL _cBD-DhAAL |
||
| 082 |
_222 _a307.1412095492 |
||
| 245 |
_aBRCT : _bstaff and borrowers training syllabus / |
||
| 260 |
_aDhaka : _bBRAC, _c1977. |
||
| 300 |
_a27 pages : _billustrations ; _c28 cm. |
||
| 610 |
_aBRAC. _914340 |
||
| 650 |
_aRural Development _zBangladesh. _914341 |
||
| 710 |
_aBRAC. _914340 |
||
| 942 |
_2ddc _cBK |
||
| 999 |
_c35732 | 35503 | 35502 | 35406 _d35732 |
||